Terres Australes et Antarctiques Françaises - Statistiques

Statistiques générales
  • Ce quiz a été pris 210 fois
  • Le résultat moyen est 10 sur 20
Statistiques - réponses
Hint Réponse % Correct
Citer l'un des deux océans dans lequel les TAAF sont situées Indien | Austral
95%
Unique moyen d'accès à l'ensemble des territoires des TAAF Mer
89%
Les TAAF sont réparties en districts. Combien ? 5
87%
Départements français les plus proches La Réunion | Mayotte
87%
Les TAAF permettent à la France de totaliser plus de 2 millions de km2 de cette zone maritime dans laquelle elle exerce ses droits. Nom de cette zone (acronyme accepté) Zone économique exclusive | ZEE
69%
Territoire popularisé par une chanson de Dave Kerguelen
67%
Territoire nommé d'après l'épouse de son découvreur Terre Adélie
65%
Activité économique principale dans les TAAF Pêche
63%
Nombre d'habitants permanents des TAAF 0
62%
Deux nations émettent des revendications territoriales sur certaines de ces îles. Citez-en une Madagascar | Maurice
51%
Activité économique mineure mais en développement Tourisme
47%
Archipel qui partage son nom avec une spécialité culinaire savoyarde Archipel Crozet
45%
L'un des districts se compose d'îles disséminées sur une large superficie. On l'appelle... Les Îles {éparses}
42%
Titre du fonctionnaire responsable de ces territoires Préfet
42%
Discipline scientifique très étudiée dans les TAAF, grâce à de nombreuses stations disséminées sur tous ces territoires Météorologie
40%
Nom de cet explorateur français Dumont d'Urville
24%
Activité de collection qui représente entre 7 et 9% des recettes du budget des TAAF Philatélie
19%
Nom de domaine des TAAF .tf
19%
Nom du jargon utilisé dans les TAAF taafien
16%
Parmi elles, l'Île Tromelin est connue pour cet épisode dramatique, au cours duquel 60 de ces personnes ont été "oubliées" pendant une quinzaine d'années à la suite d'un naufrage en 1761. esclaves
14%
Aucun quiz correspondant
Distribution des résultats
% des personnes avec chaque résultat
Percentile par nombre de réponses
Votre historique - résultats
Vous n’avez pas pris ce quiz